000 00764nam a2200229Ii 4500
003 JO-AjNU
008 230605s9999||||xx |||||||||||||| ||und||
017 _a2006/9/2674
020 _a9957-38-076-1
040 _aJO-AjNU
_bara
_erda
_cJO-AjNU
041 _aara
050 1 4 _aHD37.A7.K5752.2007
100 3 _aكتانة، خيري,
_eauthor
_940862
245 0 0 _aمدخل الى إدارة الاعمال:النظريات ،العمليات الادارية (منهج تحليلي)
250 _aط1
264 3 1 _aعمان:دار جرير للنشر والتوزيع،2007
300 _a255ص
336 _atext
_btxt
_2rdacontent
337 _aunmediated
_bn
_2rdamedia
338 _avolume
_bnc
_2rdacarrier
650 4 _aادارة الاعمال
_940863
999 _aA17375
_c20943
_d20943